Verbes forts allemand (vergessen-fin de la liste) - Statistiques

Statistiques générales
  • Ce quiz a été pris 13 fois
  • Le résultat moyen est 8 sur 19
Statistiques - réponses
Traduction Infinitif + conjugaisons % Correct
Oublier vergessenvergisst vergass hat vergessen
88%
penser denkendenkt dachte hat gedacht
75%
apporter bringenbringt brachte hat gebracht
63%
avoir habenhat hatte hat gehabt
63%
perdre verlierenverliert verlor hat verloren
63%
disparaître verschwindenverschwindet verschwand ist verschwunden
50%
grandir wachsenwächst wuchs ist gewachsen
50%
laver waschenwäscht wusch hat gewaschen
50%
jeter werfenwirft warf hat geworfen
50%
brûler brennenbrennt brannte hat gebrannt
38%
connaître kennenkennt kannte hat gekannt
38%
être seinist war ist gewesen
38%
comprendre verstehenversteht verstand hat verstanden
38%
devenir werdenwird wurde ist geworden
38%
nommer nennennennt nannte hat genannt
25%
savoir wissenweiss wusste hat gewusst
25%
courir rennenrennt rannte ist gerannt
13%
tirer ziehenzieht zog hat gezogen
13%
aller s'installer ziehenzieht zog ist gezogen
13%
Aucun quiz correspondant
Distribution des résultats
% des personnes avec chaque résultat
Percentile par nombre de réponses
Votre historique - résultats
Vous n’avez pas pris ce quiz